000 00314nam a22001337a 4500
008 170904b xxu||||| |||| 00| 0 eng d
020 _a9781285119397
041 _aeng
080 _a070
100 _a40
101 _aMED
245 _aCOMPOSITION AND COMMUNICATION WORKBOOK
_cKERCSMAR.S
942 _2udc
_cBK
999 _c25902
_d25902